| 000 | 00634nam a22001577a 4500 | ||
|---|---|---|---|
| 999 |
_c60810 _d60810 |
||
| 005 | 20231024160508.0 | ||
| 008 | 231024s1983 ru ||||| |||| 00| 0 rus d | ||
| 041 | _arus | ||
| 080 | _a821.124(37)-13 Л-84 | ||
| 100 |
_aЛукреций, Кар Тит _920221 |
||
| 245 |
_aО природе вещей / _cКарТит Лукреций; перевод с латинского Ф. Петровского. |
||
| 264 |
_aМосква : _bХудожественная литература, _c1983. |
||
| 300 |
_a383 стр.; _b20 см. |
||
| 653 | _aსაგნების ბუნების შესახებ | ||
| 942 |
_2udc _cBK |
||